| 000 | 00360nam a22001217a 4500 | ||
|---|---|---|---|
| 020 | _a9781600868979 | ||
| 082 |
_a629.1072 _bVAL |
||
| 100 |
_aValasek, John _9110504 |
||
| 245 |
_aAdvances in Intelligent and Autonomous Aerospace Systems / _cJohn Valasek |
||
| 260 |
_aVirginia : _bAIAA , _c2012. |
||
| 300 |
_axi, 489p. ; _bHardbinding , _c24cm. |
||
| 942 |
_2ddc _cBK |
||
| 999 |
_c593808 _d593808 |
||